Zarządzanie organizacjami usługowymi

Salvato in:
Dettagli Bibliografici
Altri autori: Rogozinski, Kazimierz, Panasiuk, Aleksander
Natura: Libro
Lingua:polacco
inglese
Pubblicazione: Poznań Wydawnictwo Uniwersytetu Ekonomicznego w Poznaniu 2012
Serie:Zeszyty naukowe 229
Soggetti:
Tags: Aggiungi Tag
Nessun Tag, puoi essere il primo ad aggiungerne!!

MARC

LEADER 00000nam a2200000 4500
001 0164821
005 20240109073603.2
020 |a 978-83-7417-717-7 
022 |a 1689-7374 
041 0 |a pol 
041 0 |a eng 
044 |a PL 
245 1 0 |a Zarządzanie organizacjami usługowymi  |c redakcja naukowa Kazimierz Rogozinski, Aleksander Panasiuk 
264 1 |a Poznań  |b Wydawnictwo Uniwersytetu Ekonomicznego w Poznaniu  |c 2012 
300 |a 531 s. 
490 1 |a Zeszyty naukowe  |v 229 
830 0 |a Zeszyty naukowe  |v 229 
610 2 0 |a podnik služieb 
610 2 0 |a riadenie 
610 2 0 |a služby 
610 2 0 |a marketing 
610 2 0 |a služba verejná 
700 1 |a Rogozinski, Kazimierz 
700 1 |a Panasiuk, Aleksander